[Event "EUYCC 2025 - U12"]
[Site "?"]
[Date "2025.08.22"]
[Round "4.7"]
[White "Manouvel, Maelys"]
[Black "Gawerska, Karolina"]
[Result "1-0"]
[BlackElo "1583"]
[WhiteElo "1739"]
[LiveChessVersion "1.4.8"]

1. e4 {[%clk 1:28:57]} c5 {[%clk 1:30:52]} 2. Nf3 {[%clk 1:28:56]} Nc6
{[%clk 1:31:12]} 3. Bb5 {[%clk 1:29:06]} g6 {[%clk 1:31:29]} 4. O-O
{[%clk 1:28:35]} Bg7 {[%clk 1:31:50]} 5. Re1 {[%clk 1:28:43]} Nf6
{[%clk 1:32:04]} 6. e5 {[%clk 1:27:57]} Nd5 {[%clk 1:32:23]} 7. Nc3
{[%clk 1:27:47]} Nc7 {[%clk 1:32:33]} 8. Bxc6 {[%clk 1:27:22]} dxc6
{[%clk 1:32:49]} 9. Ne4 {[%clk 1:27:20]} Ne6 {[%clk 1:32:11]} 10. d3
{[%clk 1:26:19]} O-O {[%clk 1:32:07]} 11. Be3 {[%clk 1:24:59]} b6
{[%clk 1:32:04]} 12. Qd2 {[%clk 1:23:17]} Nd4 {[%clk 1:32:16]} 13. Nxd4
{[%clk 1:21:34]} cxd4 {[%clk 1:32:34]} 14. Bh6 c5 {[%clk 1:32:52]} 15. Bxg7
{[%clk 1:19:29]} Kxg7 {[%clk 1:33:10]} 16. Rf1 {[%clk 1:15:26]} Bb7
{[%clk 1:24:28]} 17. Rae1 {[%clk 1:04:10]} Qd5 {[%clk 1:10:25]} 18. b3
{[%clk 0:57:25]} Qxe5 {[%clk 1:06:08]} 19. f4 {[%clk 0:52:03]} Qc7
{[%clk 1:01:45]} 20. f5 {[%clk 0:49:02]} Bxe4 {[%clk 1:00:59]} 21. Rxe4
{[%clk 0:49:08]} Qd6 {[%clk 1:00:08]} 22. Rh4 {[%clk 0:37:32]} h5
{[%clk 0:58:28]} 23. Rf3 {[%clk 0:32:11]} Kh7 {[%clk 0:55:53]} 24. Qg5
{[%clk 0:27:40]} Kg7 {[%clk 0:45:49]} 25. Rxh5 {[%clk 0:16:35]} Rh8
{[%clk 0:45:25]} 26. fxg6 {[%clk 0:16:11]} fxg6 {[%clk 0:44:12]} 27. Qe5+
{[%clk 0:15:05]} Qxe5 {[%clk 0:44:11]} 28. Rxe5 {[%clk 0:15:34]} Rae8
{[%clk 0:44:03]} 29. Rf4 {[%clk 0:14:55]} Rhf8 {[%clk 0:34:48]} 30. Rfe4
{[%clk 0:13:06]} Rf7 {[%clk 0:33:35]} 31. g4 {[%clk 0:12:44]} Kf8
{[%clk 0:30:49]} 32. Kg2 {[%clk 0:12:11]} Rf6 {[%clk 0:30:41]} 33. h4
{[%clk 0:11:58]} Kf7 {[%clk 0:29:08]} 34. g5 {[%clk 0:10:27]} Rf5
{[%clk 0:29:25]} 35. Re6 {[%clk 0:10:45]} Rd5 {[%clk 0:28:58]} 36. Kg3
{[%clk 0:11:05]} Rf5 {[%clk 0:28:40]} 37. Re1 {[%clk 0:11:03]} Rd5
{[%clk 0:28:15]} 38. Kg4 {[%clk 0:10:18]} Rd7 {[%clk 0:26:25]} 39. h5
{[%clk 0:09:45]} gxh5+ {[%clk 0:26:40]} 40. Kxh5 {[%clk 0:10:12]} Rh8+
{[%clk 0:26:59]} 41. Rh6 {[%clk 0:09:28]} Rxh6+ {[%clk 0:23:14]} 42. Kxh6
{[%clk 0:09:44]} Kg8 {[%clk 0:23:35]} 43. Re6 {[%clk 0:09:14]} Kf7
{[%clk 0:15:48]} 44. Rc6 {[%clk 0:08:45]} Rd8 {[%clk 0:09:29]} 45. g6+
{[%clk 0:08:19]} Kg8 {[%clk 0:09:50]} 46. Rc7 {[%clk 0:08:35]} Re8
{[%clk 0:08:35]} 47. Rxa7 {[%clk 0:08:45]} b5 {[%clk 0:08:58]} 48. Rc7
{[%clk 0:08:30]} c4 {[%clk 0:08:49]} 49. bxc4 {[%clk 0:08:52]} bxc4
{[%clk 0:09:14]} 50. Rxc4 {[%clk 0:09:16]} e5 {[%clk 0:09:38]} 51. a4
{[%clk 0:09:33]} Rd8 {[%clk 0:09:59]} 52. a5 {[%clk 0:09:45]} Kf8
{[%clk 0:10:11]} 53. a6 {[%clk 0:09:34]} Ke7 {[%clk 0:10:32]} 54. a7
{[%clk 0:09:43]} Kf6 {[%clk 0:10:52]} 55. Rc6+ {[%clk 0:09:43]} Kf5
{[%clk 0:11:00]} 56. g7 {[%clk 0:09:45]} Kf4 {[%clk 0:10:53]} 57. Kh7
{[%clk 0:10:01]} Rd7 {[%clk 0:11:08]} 58. a8=Q {[%clk 0:10:19]} 1-0

[Event "EUYCC 2025 - U12"]
[Site "?"]
[Date "2025.08.22"]
[Round "4.8"]
[White "Svabova, Klara"]
[Black "Kozusnik, Jan"]
[Result "0-1"]
[BlackElo "1726"]
[WhiteElo "1653"]
[LiveChessVersion "1.4.8"]

1. e4 {[%clk 1:30:58]} c5 {[%clk 1:30:56]} 2. Nf3 {[%clk 1:31:22]} Nc6
{[%clk 1:31:23]} 3. d4 {[%clk 1:31:47]} cxd4 {[%clk 1:31:50]} 4. Nxd4
{[%clk 1:32:10]} g6 {[%clk 1:32:16]} 5. Nc3 {[%clk 1:32:35]} Bg7 {[%clk 1:32:40]}
6. Be3 {[%clk 1:33:01]} Nf6 {[%clk 1:33:06]} 7. Be2 {[%clk 1:33:24]} O-O
{[%clk 1:33:20]} 8. O-O {[%clk 1:33:50]} d6 {[%clk 1:32:58]} 9. f4
{[%clk 1:33:44]} Bd7 {[%clk 1:29:13]} 10. Nxc6 {[%clk 1:28:35]} Bxc6
{[%clk 1:29:10]} 11. Bd3 {[%clk 1:27:31]} Qd7 {[%clk 1:27:08]} 12. h3
{[%clk 1:26:05]} d5 {[%clk 1:23:59]} 13. e5 {[%clk 1:16:46]} d4 {[%clk 1:18:37]}
14. exf6 {[%clk 1:15:45]} Bxf6 {[%clk 1:18:40]} 15. Ne4 {[%clk 1:16:01]} dxe3
{[%clk 1:18:26]} 16. Nxf6+ {[%clk 1:16:03]} exf6 {[%clk 1:18:42]} 17. Qe2
{[%clk 1:15:21]} Rfe8 {[%clk 1:18:00]} 18. Rad1 {[%clk 1:14:35]} Qc7
{[%clk 1:16:55]} 19. h4 {[%clk 1:11:55]} h5 {[%clk 1:12:14]} 20. g4
{[%clk 1:07:53]} Qc8 {[%clk 1:09:17]} 21. f5 {[%clk 1:06:16]} Qc7
{[%clk 1:08:49]} 22. Qe1 {[%clk 1:03:39]} e2 {[%clk 1:08:29]} 0-1

[Event "EUYCC 2025 - U12"]
[Site "?"]
[Date "2025.08.22"]
[Round "4.9"]
[White "Hrckova, Anna"]
[Black "Hroch, Pavel"]
[Result "1-0"]
[BlackElo "1457"]
[WhiteElo "1705"]
[LiveChessVersion "1.4.8"]

1. e4 {[%clk 1:30:57]} e5 {[%clk 1:30:52]} 2. Nf3 {[%clk 1:31:11]} Nc6
{[%clk 1:31:13]} 3. Bb5 {[%clk 1:31:30]} Nf6 {[%clk 1:31:33]} 4. O-O
{[%clk 1:31:31]} Nxe4 {[%clk 1:31:56]} 5. d4 Nd6 {[%clk 1:32:17]} 6. dxe5
{[%clk 1:32:19]} Nxb5 {[%clk 1:32:11]} 7. a4 {[%clk 1:32:42]} Nd6
{[%clk 1:31:55]} 8. exd6 {[%clk 1:32:51]} Bxd6 {[%clk 1:32:13]} 9. Re1+
{[%clk 1:29:25]} Be7 {[%clk 1:32:40]} 10. Nc3 {[%clk 1:26:53]} O-O
{[%clk 1:33:00]} 11. Nd5 {[%clk 0:59:48]} d6 {[%clk 1:31:49]} 12. Nxe7+
{[%clk 0:51:45]} Nxe7 {[%clk 1:32:01]} 13. Bg5 {[%clk 0:50:03]} f6
{[%clk 1:30:39]} 14. Bf4 {[%clk 0:49:08]} Ng6 {[%clk 1:29:51]} 15. Bg3
{[%clk 0:48:56]} Bg4 {[%clk 1:29:25]} 16. h3 {[%clk 0:49:14]} Bxf3
{[%clk 1:28:24]} 17. Qxf3 {[%clk 0:49:37]} c6 {[%clk 1:28:45]} 18. Qb3+
{[%clk 0:47:16]} Rf7 {[%clk 1:27:20]} 19. Rad1 {[%clk 0:46:07]} d5
{[%clk 1:26:46]} 20. c4 {[%clk 0:37:50]} Ne7 {[%clk 1:25:59]} 21. Qxb7
{[%clk 0:35:07]} Kf8 {[%clk 1:25:05]} 22. Bd6 {[%clk 0:34:24]} Rc8
{[%clk 1:24:17]} 23. Bxe7+ {[%clk 0:34:47]} Rxe7 {[%clk 1:23:19]} 24. Rxe7
{[%clk 0:35:06]} Rb8 {[%clk 1:22:25]} 25. Rf7+ {[%clk 0:35:09]} 1-0

[Event "EUYCC 2025 - U12"]
[Site "?"]
[Date "2025.08.22"]
[Round "4.10"]
[White "Rudys, Augustas"]
[Black "Guzdziol, Olaf"]
[Result "1-0"]
[BlackElo "1492"]
[WhiteElo "1555"]
[LiveChessVersion "1.4.8"]

1. e4 {[%clk 1:30:54]} c5 {[%clk 1:30:48]} 2. Nf3 {[%clk 1:31:09]} Nc6
{[%clk 1:31:09]} 3. c3 {[%clk 1:31:29]} Nf6 {[%clk 1:31:13]} 4. e5
{[%clk 1:31:26]} Nd5 {[%clk 1:31:02]} 5. d4 {[%clk 1:31:33]} cxd4
{[%clk 1:30:19]} 6. cxd4 {[%clk 1:31:26]} d6 {[%clk 1:28:55]} 7. Bc4
{[%clk 1:30:53]} Nb6 {[%clk 1:26:33]} 8. Bb5 {[%clk 1:30:32]} a6 {[%clk 1:25:02]}
9. Bxc6+ {[%clk 1:24:26]} bxc6 {[%clk 1:25:26]} 10. Qc2 {[%clk 1:19:30]} Bd7
{[%clk 1:23:22]} 11. O-O {[%clk 1:16:07]} Rc8 {[%clk 1:20:15]} 12. exd6
{[%clk 1:15:06]} exd6 {[%clk 1:20:38]} 13. Qe2+ {[%clk 1:14:47]} Be7
{[%clk 1:18:09]} 14. Qxa6 {[%clk 1:13:45]} Be6 {[%clk 1:18:08]} 15. Na3
{[%clk 1:10:52]} Ra8 {[%clk 1:12:46]} 16. Qe2 {[%clk 1:08:09]} Rxa3
{[%clk 1:12:36]} 17. bxa3 {[%clk 1:07:52]} Bc4 {[%clk 1:12:57]} 18. Qc2
{[%clk 1:07:10]} Bxf1 {[%clk 1:12:54]} 19. Qxc6+ {[%clk 1:07:21]} Nd7
{[%clk 1:12:01]} 20. Kxf1 {[%clk 1:07:34]} O-O {[%clk 1:12:19]} 21. Bf4
{[%clk 1:06:46]} Nf6 {[%clk 1:12:28]} 22. d5 {[%clk 1:05:56]} Qb8
{[%clk 1:10:46]} 23. Re1 {[%clk 1:04:03]} Re8 {[%clk 1:07:59]} 24. Bg5
{[%clk 1:00:33]} Rc8 {[%clk 1:06:47]} 25. Qa4 {[%clk 0:58:01]} Qb7
{[%clk 1:05:58]} 26. Bxf6 {[%clk 0:57:41]} gxf6 {[%clk 1:06:06]} 27. Rxe7
{[%clk 0:57:22]} Rc1+ {[%clk 1:06:07]} 28. Re1 {[%clk 0:57:25]} Rxe1+
{[%clk 1:06:21]} 29. Nxe1 {[%clk 0:57:31]} Qxd5 {[%clk 1:06:44]} 30. Qc2
{[%clk 0:57:07]} Qe5 {[%clk 1:06:24]} 31. a4 {[%clk 0:56:59]} Qxh2
{[%clk 1:06:25]} 32. Qf5 {[%clk 0:55:18]} Kg7 {[%clk 1:05:25]} 33. a5
{[%clk 0:54:29]} Qh1+ {[%clk 1:03:53]} 34. Ke2 {[%clk 0:54:01]} Qh4
{[%clk 1:04:15]} 35. g4 {[%clk 0:52:47]} Qh1 {[%clk 1:03:19]} 36. Qf3
{[%clk 0:52:34]} Qh2 {[%clk 1:03:30]} 37. Qg3 {[%clk 0:52:39]} Qh6
{[%clk 1:03:41]} 38. Qxd6 {[%clk 0:52:36]} Qg5 {[%clk 1:03:48]} 39. Qb4
{[%clk 0:51:32]} Qe5+ {[%clk 1:03:39]} 40. Kf1 {[%clk 0:51:46]} Qe6
{[%clk 1:03:29]} 41. a3 {[%clk 0:51:15]} Qa6+ {[%clk 1:00:42]} 42. Kg2
{[%clk 0:51:10]} Qe6 {[%clk 0:59:26]} 43. Nf3 {[%clk 0:50:44]} h6
{[%clk 0:58:03]} 44. Kg3 {[%clk 0:49:37]} f5 {[%clk 0:57:03]} 45. gxf5
{[%clk 0:49:21]} Qc8 {[%clk 0:56:32]} 46. f6+ {[%clk 0:49:08]} Kxf6
{[%clk 0:56:12]} 47. Qf4+ {[%clk 0:49:28]} Ke7 {[%clk 0:56:27]} 48. Qe5+
{[%clk 0:49:53]} Kd8 {[%clk 0:56:39]} 49. Qh8+ {[%clk 0:50:09]} 1-0

[Event "EUYCC 2025 - U12"]
[Site "?"]
[Date "2025.08.22"]
[Round "4.11"]
[White "Tanase, Andreea"]
[Black "Janovicek, Lukas"]
[Result "0-1"]
[BlackElo "1835"]
[WhiteElo "1516"]
[LiveChessVersion "1.4.8"]

1. e4 {[%clk 1:30:58]} c5 {[%clk 1:30:54]} 2. Nf3 {[%clk 1:31:24]} Nc6
{[%clk 1:31:20]} 3. d4 {[%clk 1:31:45]} cxd4 {[%clk 1:31:45]} 4. Nxd4
{[%clk 1:32:11]} g6 {[%clk 1:32:01]} 5. Be3 {[%clk 1:32:12]} Bg7 {[%clk 1:32:07]}
6. Nc3 {[%clk 1:32:34]} Nf6 {[%clk 1:32:26]} 7. f3 {[%clk 1:32:27]} O-O
{[%clk 1:32:01]} 8. Qd2 {[%clk 1:32:51]} d5 {[%clk 1:30:26]} 9. exd5
{[%clk 1:30:00]} Nxd5 {[%clk 1:29:39]} 10. Nxc6 {[%clk 1:26:16]} bxc6
{[%clk 1:29:41]} 11. Bd4 {[%clk 1:24:44]} Bxd4 {[%clk 1:13:35]} 12. Qxd4
{[%clk 1:24:00]} e5 {[%clk 1:00:57]} 13. Qd2 {[%clk 1:19:38]} Qh4+
{[%clk 0:54:51]} 14. g3 {[%clk 1:09:07]} Qb4 {[%clk 0:53:53]} 15. Nxd5
{[%clk 1:04:04]} Qxd2+ {[%clk 0:52:19]} 16. Kxd2 {[%clk 1:04:28]} cxd5
{[%clk 0:52:27]} 17. Bg2 {[%clk 1:04:08]} Ba6 {[%clk 0:49:30]} 18. h4
{[%clk 0:59:27]} h6 {[%clk 0:47:12]} 19. Rhe1 {[%clk 0:51:51]} f6
{[%clk 0:44:47]} 20. Rad1 {[%clk 0:49:56]} Kf7 {[%clk 0:42:04]} 21. Re3
{[%clk 0:46:49]} Rfb8 {[%clk 0:35:59]} 22. Kc1 {[%clk 0:45:41]} Bb7
{[%clk 0:35:43]} 23. Rc3 {[%clk 0:42:59]} Rc8 {[%clk 0:35:42]} 24. Rb3
{[%clk 0:43:02]} Rc7 {[%clk 0:34:48]} 25. Rdd3 {[%clk 0:36:23]} Rac8
{[%clk 0:33:49]} 26. Rd2 {[%clk 0:32:40]} Bc6 {[%clk 0:28:02]} 27. Rc3
{[%clk 0:27:51]} Ke6 {[%clk 0:24:46]} 28. Re2 {[%clk 0:20:57]} Bb5
{[%clk 0:24:03]} 29. Rxc7 {[%clk 0:21:02]} Rxc7 {[%clk 0:24:27]} 30. Re3
{[%clk 0:19:33]} f5 {[%clk 0:22:53]} 31. Bh3 {[%clk 0:18:24]} Ba4
{[%clk 0:21:42]} 32. Re2 {[%clk 0:10:11]} g5 {[%clk 0:17:39]} 33. h5
{[%clk 0:07:08]} Be8 {[%clk 0:14:19]} 34. g4 {[%clk 0:07:12]} f4 {[%clk 0:14:35]}
35. Bf1 {[%clk 0:05:58]} Bb5 {[%clk 0:14:38]} 36. Re1 {[%clk 0:06:13]} Bxf1
{[%clk 0:14:55]} 37. Rxf1 {[%clk 0:06:41]} e4 {[%clk 0:15:12]} 38. Kd2
{[%clk 0:06:06]} Ke5 {[%clk 0:11:32]} 39. Re1 {[%clk 0:06:11]} e3+
{[%clk 0:11:06]} 40. Kd3 {[%clk 0:06:11]} Rc4 {[%clk 0:08:54]} 41. b3
{[%clk 0:05:35]} Rd4+ {[%clk 0:09:05]} 42. Kc3 {[%clk 0:05:47]} Rd2
{[%clk 0:09:19]} 43. Kb2 {[%clk 0:05:18]} Rf2 {[%clk 0:09:44]} 44. a4
{[%clk 0:05:29]} Rxf3 {[%clk 0:10:06]} 45. b4 {[%clk 0:05:52]} d4
{[%clk 0:10:04]} 46. b5 {[%clk 0:06:08]} Kd5 {[%clk 0:10:22]} 47. Kb3
{[%clk 0:06:25]} e2+ {[%clk 0:10:22]} 48. Kb2 {[%clk 0:06:39]} Re3
{[%clk 0:10:44]} 0-1

[Event "EUYCC 2025 - U12"]
[Site "?"]
[Date "2025.08.22"]
[Round "4.12"]
[White "Galia, Simon"]
[Black "Slusarczyk, Agnieszka"]
[Result "1-0"]
[BlackElo "1702"]
[WhiteElo "1478"]
[LiveChessVersion "1.4.8"]

1. e4 {[%clk 1:30:55]} c5 {[%clk 1:30:45]} 2. c3 {[%clk 1:31:10]} d5
{[%clk 1:31:03]} 3. exd5 {[%clk 1:31:24]} Qxd5 {[%clk 1:31:22]} 4. d4
{[%clk 1:31:18]} e5 {[%clk 1:31:30]} 5. dxe5 {[%clk 1:30:17]} Qxd1+
{[%clk 1:31:28]} 6. Kxd1 {[%clk 1:30:29]} Nc6 {[%clk 1:31:30]} 7. f4
{[%clk 1:29:57]} f6 {[%clk 1:31:33]} 8. exf6 {[%clk 1:29:48]} Nxf6
{[%clk 1:31:14]} 9. Bb5 {[%clk 1:29:41]} Bf5 {[%clk 1:25:58]} 10. Nf3
{[%clk 1:28:15]} O-O-O+ {[%clk 1:24:51]} 11. Ke2 {[%clk 1:24:40]} Bg4
{[%clk 1:21:03]} 12. h3 {[%clk 1:23:31]} Bxf3+ {[%clk 1:20:30]} 13. gxf3
{[%clk 1:23:44]} Bd6 {[%clk 1:19:31]} 14. Bxc6 {[%clk 1:23:44]} bxc6
{[%clk 1:19:42]} 15. Na3 {[%clk 1:22:01]} Nh5 {[%clk 1:18:00]} 16. Kf2
{[%clk 1:20:17]} Bxf4 {[%clk 1:15:49]} 17. Bxf4 {[%clk 1:17:25]} Nxf4
{[%clk 1:15:59]} 18. Nc4 {[%clk 1:16:29]} Rhe8 {[%clk 1:14:29]} 19. Kg3
{[%clk 1:14:50]} Nd3 {[%clk 1:11:32]} 20. Rad1 {[%clk 1:12:35]} g5
{[%clk 1:10:38]} 21. Rd2 {[%clk 1:10:41]} Nf4 {[%clk 0:57:20]} 22. Rxd8+
{[%clk 1:08:46]} Kxd8 {[%clk 0:55:21]} 23. Rd1+ {[%clk 1:06:09]} Kc7
{[%clk 0:55:27]} 24. Rd2 {[%clk 1:04:19]} Re1 {[%clk 0:49:33]} 25. h4
{[%clk 0:59:47]} h6 {[%clk 0:46:13]} 26. hxg5 {[%clk 0:58:26]} hxg5
{[%clk 0:44:37]} 27. a3 {[%clk 0:51:17]} Rg1+ {[%clk 0:43:03]} 28. Kh2
{[%clk 0:48:57]} Re1 {[%clk 0:41:27]} 29. Kg3 {[%clk 0:48:05]} Nd5
{[%clk 0:39:41]} 30. Kg4 {[%clk 0:44:44]} Rf1 {[%clk 0:37:16]} 31. Kxg5
{[%clk 0:43:32]} Rxf3 {[%clk 0:30:53]} 32. Rh2 {[%clk 0:38:40]} Kb7
{[%clk 0:22:55]} 33. Rh7+ {[%clk 0:36:49]} Ka6 {[%clk 0:22:24]} 34. Rh6
{[%clk 0:35:37]} Ne7 {[%clk 0:17:51]} 35. Rh7 {[%clk 0:33:21]} Nd5
{[%clk 0:14:38]} 36. Rh6 {[%clk 0:32:01]} Rf2 {[%clk 0:10:35]} 37. Rh3
{[%clk 0:24:22]} Rg2+ {[%clk 0:08:22]} 38. Kf5 {[%clk 0:22:28]} Rf2+
{[%clk 0:07:35]} 39. Ke5 {[%clk 0:21:00]} Re2+ {[%clk 0:05:57]} 40. Kd6
{[%clk 0:19:48]} Kb5 {[%clk 0:05:48]} 41. b3 {[%clk 0:19:55]} Re6+
{[%clk 0:04:43]} 42. Kxe6 {[%clk 0:19:49]} Nf4+ {[%clk 0:05:11]} 43. Kd6
{[%clk 0:20:07]} Nxh3 {[%clk 0:05:15]} 44. a4+ {[%clk 0:20:19]} Ka6
{[%clk 0:05:33]} 45. Kxc6 {[%clk 0:20:28]} Nf4 {[%clk 0:05:31]} 46. Kxc5
{[%clk 0:20:33]} Ne2 {[%clk 0:05:38]} 47. Kb4 {[%clk 0:20:46]} Nf4
{[%clk 0:06:00]} 48. Nd6 {[%clk 0:20:50]} Nd5+ {[%clk 0:05:49]} 49. Kc4
{[%clk 0:20:54]} Nb6+ {[%clk 0:05:48]} 50. Kd4 {[%clk 0:20:54]} Nd7
{[%clk 0:05:29]} 51. b4 {[%clk 0:21:00]} Nb6 {[%clk 0:04:50]} 52. a5
{[%clk 0:20:55]} Nd5 {[%clk 0:05:00]} 53. b5+ {[%clk 0:20:56]} Kxa5
{[%clk 0:05:05]} 54. Kxd5 {[%clk 0:21:19]} Kb6 {[%clk 0:05:15]} 55. c4
{[%clk 0:21:37]} a6 {[%clk 0:05:28]} 56. bxa6 {[%clk 0:21:59]} Kxa6 57. c5
{[%clk 0:22:24]} Ka7 {[%clk 0:06:17]} 58. c6 {[%clk 0:22:46]} Kb6
{[%clk 0:06:34]} 59. Ne8 {[%clk 0:22:53]} Ka7 {[%clk 0:06:32]} 60. c7
{[%clk 0:23:03]} Kb7 {[%clk 0:06:42]} 61. Kd6 {[%clk 0:22:56]} Kc8
{[%clk 0:06:51]} 62. Ke7 {[%clk 0:23:10]} 1-0

[Event "EUYCC 2025 - U12"]
[Site "?"]
[Date "2025.08.22"]
[Round "4.14"]
[White "Kroslakova, Michaela"]
[Black "Fei, Emie"]
[Result "0-1"]
[BlackElo "1557"]
[WhiteElo "1655"]
[LiveChessVersion "1.4.8"]

1. e4 {[%clk 1:30:58]} c5 {[%clk 1:30:40]} 2. Nf3 {[%clk 1:31:11]} Nc6
{[%clk 1:30:47]} 3. Bb5 {[%clk 1:31:20]} g6 {[%clk 1:30:40]} 4. O-O
{[%clk 1:31:17]} Bg7 {[%clk 1:30:35]} 5. c3 {[%clk 1:31:19]} Nf6 {[%clk 1:30:13]}
6. Re1 {[%clk 1:31:04]} O-O {[%clk 1:29:42]} 7. d4 {[%clk 1:30:57]} cxd4
{[%clk 1:29:23]} 8. cxd4 {[%clk 1:31:08]} a6 {[%clk 1:28:45]} 9. Bxc6
{[%clk 1:30:18]} dxc6 {[%clk 1:28:25]} 10. h3 {[%clk 1:28:55]} Re8
{[%clk 1:12:11]} 11. Nc3 {[%clk 1:21:30]} Be6 {[%clk 1:08:32]} 12. Bf4
{[%clk 1:15:21]} b5 {[%clk 0:57:54]} 13. Qc2 {[%clk 1:01:53]} Qc8
{[%clk 0:49:48]} 14. Kh2 {[%clk 0:55:05]} Bd7 {[%clk 0:45:19]} 15. Rac1
{[%clk 0:51:49]} Nh5 {[%clk 0:43:35]} 16. Be3 {[%clk 0:47:53]} Qb8+
{[%clk 0:38:26]} 17. g3 {[%clk 0:36:06]} e5 {[%clk 0:36:17]} 18. d5
{[%clk 0:33:07]} f5 {[%clk 0:31:58]} 19. dxc6 {[%clk 0:27:07]} Bxc6
{[%clk 0:29:56]} 20. Nd5 {[%clk 0:27:07]} Bxd5 {[%clk 0:30:04]} 21. exd5
{[%clk 0:27:11]} f4 {[%clk 0:28:00]} 22. gxf4 {[%clk 0:24:48]} exf4
{[%clk 0:25:26]} 23. Bc5 {[%clk 0:22:54]} Rxe1 {[%clk 0:23:58]} 24. Rxe1
{[%clk 0:22:58]} Qb7 {[%clk 0:21:00]} 25. Qd2 {[%clk 0:20:02]} Rd8
{[%clk 0:19:59]} 26. Re7 {[%clk 0:17:40]} Qc8 {[%clk 0:17:51]} 27. b4
{[%clk 0:16:05]} Bf8 {[%clk 0:17:41]} 28. Re1 {[%clk 0:15:30]} Bxc5
{[%clk 0:17:19]} 29. Rc1 {[%clk 0:15:43]} Qf5 {[%clk 0:16:35]} 30. Rxc5
{[%clk 0:15:27]} Nf6 {[%clk 0:16:24]} 31. Nd4 {[%clk 0:07:19]} Rxd5
{[%clk 0:12:56]} 32. Qc3 {[%clk 0:06:10]} Rxc5 {[%clk 0:12:23]} 33. bxc5
{[%clk 0:05:30]} Qe5 {[%clk 0:12:06]} 34. c6 {[%clk 0:05:17]} f3+
{[%clk 0:11:41]} 35. Kg1 {[%clk 0:05:32]} Qg5+ {[%clk 0:11:52]} 36. Kf1
{[%clk 0:05:47]} Qg2+ {[%clk 0:11:45]} 37. Ke1 {[%clk 0:06:12]} Qg1+
{[%clk 0:11:58]} 38. Kd2 {[%clk 0:06:39]} Ne4+ {[%clk 0:11:22]} 39. Kd3
{[%clk 0:06:48]} Nxc3 {[%clk 0:11:30]} 40. c7 {[%clk 0:06:24]} Qf1+
{[%clk 0:11:34]} 41. Ke3 {[%clk 0:05:22]} Nd5+ {[%clk 0:11:32]} 0-1

[Event "EUYCC 2025 - U12"]
[Site "?"]
[Date "2025.08.22"]
[Round "4.15"]
[White "Reren, Alexis Miriam"]
[Black "Cibickova, Diana"]
[Result "1/2-1/2"]
[BlackElo "1502"]
[WhiteElo "1576"]
[LiveChessVersion "1.4.8"]

1. d4 {[%clk 1:30:50]} d5 {[%clk 1:30:58]} 2. c4 {[%clk 1:31:09]} e6
{[%clk 1:31:23]} 3. Nc3 {[%clk 1:31:24]} Nf6 {[%clk 1:31:36]} 4. e3
{[%clk 1:31:30]} Be7 {[%clk 1:31:09]} 5. Bd3 {[%clk 1:31:37]} dxc4
{[%clk 1:30:56]} 6. Bxc4 {[%clk 1:31:46]} O-O {[%clk 1:30:47]} 7. Nf3
{[%clk 1:31:21]} a6 {[%clk 1:30:20]} 8. O-O {[%clk 1:29:20]} b5 {[%clk 1:29:28]}
9. Bd3 {[%clk 1:29:04]} Bb7 {[%clk 1:28:23]} 10. a3 {[%clk 1:22:54]} c5 11. dxc5
{[%clk 1:13:48]} Bxc5 {[%clk 1:21:36]} 12. e4 {[%clk 1:10:59]} Be7
{[%clk 1:14:09]} 13. Qe2 {[%clk 1:04:41]} Nbd7 {[%clk 1:04:11]} 14. Rd1
{[%clk 0:55:44]} Qc7 {[%clk 0:57:21]} 15. Bg5 {[%clk 0:49:57]} Ne5
{[%clk 0:52:17]} 16. Rac1 {[%clk 0:38:36]} Nxf3+ {[%clk 0:45:19]} 17. Qxf3
{[%clk 0:38:14]} Qe5 {[%clk 0:43:08]} 18. Bf4 {[%clk 0:34:27]} Qh5
{[%clk 0:42:15]} 19. Qg3 {[%clk 0:25:36]} Rfd8 {[%clk 0:33:04]} 20. h3
{[%clk 0:20:11]} Rac8 {[%clk 0:29:34]} 21. b4 {[%clk 0:12:42]} Qg6
{[%clk 0:27:06]} 22. Qe3 {[%clk 0:09:48]} Bd6 {[%clk 0:22:51]} 23. Bxd6
{[%clk 0:04:00]} Rxd6 {[%clk 0:22:57]} 24. Qf4 {[%clk 0:03:58]} Rcd8
{[%clk 0:18:59]} 25. Bc2 {[%clk 0:03:54]} Rxd1+ {[%clk 0:18:55]} 26. Rxd1
{[%clk 0:04:03]} Rc8 {[%clk 0:16:33]} 27. Qd6 {[%clk 0:03:12]} h6
{[%clk 0:15:28]} 28. Qd4 {[%clk 0:03:00]} Qg5 {[%clk 0:12:46]} 29. Re1
{[%clk 0:01:17]} Qf4 {[%clk 0:11:55]} 30. Bb1 {[%clk 0:00:35]} Qc7
{[%clk 0:11:16]} 31. Rc1 {[%clk 0:00:32]} Qf4 {[%clk 0:10:38]} 32. Re1
{[%clk 0:00:43]} Qc7 {[%clk 0:10:07]} 33. Rc1 {[%clk 0:00:43]} Qf4
{[%clk 0:08:34]} 34. Re1 {[%clk 0:01:06]} Qc7 {[%clk 0:07:52]} 35. Rc1
{[%clk 0:01:28]} 1/2-1/2

[Event "EUYCC 2025 - U12"]
[Site "?"]
[Date "2025.08.22"]
[Round "4.16"]
[White "Sevcikova, Terezie"]
[Black "Flidr, Jan"]
[Result "1-0"]
[BlackElo "1431"]
[WhiteElo "1568"]
[LiveChessVersion "1.4.8"]

1. e4 {[%clk 1:30:58]} c5 {[%clk 1:30:46]} 2. Nf3 {[%clk 1:31:21]} e6
{[%clk 1:30:58]} 3. d4 {[%clk 1:31:40]} cxd4 {[%clk 1:31:05]} 4. Nxd4
{[%clk 1:31:58]} Nf6 {[%clk 1:31:06]} 5. Nc3 {[%clk 1:32:15]} Nc6
{[%clk 1:30:54]} 6. Be3 {[%clk 1:32:07]} Be7 {[%clk 1:30:40]} 7. f3
{[%clk 1:28:37]} O-O {[%clk 1:29:57]} 8. Bc4 {[%clk 1:28:39]} a6 {[%clk 1:28:06]}
9. Bb3 {[%clk 1:28:43]} d5 {[%clk 1:26:20]} 10. exd5 {[%clk 1:27:05]} exd5
{[%clk 1:25:23]} 11. O-O {[%clk 1:26:32]} Be6 {[%clk 1:24:27]} 12. Qd2
{[%clk 1:25:31]} Qc7 {[%clk 1:23:02]} 13. Rad1 {[%clk 1:21:25]} Rad8
{[%clk 1:20:25]} 14. Qf2 {[%clk 1:18:37]} Qb8 {[%clk 1:18:16]} 15. Rd2
{[%clk 1:15:31]} Bd6 {[%clk 1:16:46]} 16. g3 {[%clk 1:14:10]} Bc7
{[%clk 1:14:10]} 17. Nde2 {[%clk 1:08:27]} b5 {[%clk 1:11:17]} 18. Rfd1
{[%clk 1:07:13]} Ne7 {[%clk 1:10:30]} 19. Nf4 {[%clk 1:06:28]} Qb7
{[%clk 1:07:52]} 20. a3 {[%clk 0:59:55]} Rd7 {[%clk 1:03:31]} 21. Nce2
{[%clk 0:58:04]} a5 {[%clk 1:01:19]} 22. Nd4 {[%clk 0:57:53]} Qa6
{[%clk 1:00:34]} 23. Qe2 {[%clk 0:56:09]} Rb8 {[%clk 0:57:04]} 24. Ba4
{[%clk 0:52:07]} Qb7 {[%clk 0:54:19]} 25. Bxb5 {[%clk 0:51:35]} Rd6
{[%clk 0:53:55]} 26. a4 {[%clk 0:51:53]} Nf5 {[%clk 0:53:46]} 27. Nxf5
{[%clk 0:50:30]} Bxf5 {[%clk 0:53:57]} 28. Bc5 {[%clk 0:49:34]} Rdd8
{[%clk 0:49:05]} 29. Be7 {[%clk 0:49:18]} Rdc8 {[%clk 0:48:21]} 30. Bxf6
{[%clk 0:49:30]} gxf6 {[%clk 0:48:35]} 31. Nxd5 {[%clk 0:49:43]} Bb6+
{[%clk 0:47:16]} 32. Kg2 {[%clk 0:49:25]} Kg7 {[%clk 0:46:18]} 33. Ba6
{[%clk 0:49:28]} Qa7 {[%clk 0:45:46]} 34. Bxc8 {[%clk 0:49:48]} Rxc8
{[%clk 0:46:07]} 35. Qe7 {[%clk 0:48:30]} Qxe7 {[%clk 0:43:05]} 36. Nxe7
{[%clk 0:48:52]} Rc5 {[%clk 0:42:55]} 37. Nxf5+ {[%clk 0:49:10]} Rxf5
{[%clk 0:43:10]} 38. Rd5 {[%clk 0:49:34]} Re5 {[%clk 0:42:19]} 39. Rxe5
{[%clk 0:49:50]} fxe5 {[%clk 0:42:40]} 40. Rd6 {[%clk 0:50:00]} Bc7
{[%clk 0:43:02]} 41. Rc6 {[%clk 0:50:25]} Bd8 {[%clk 0:43:21]} 42. c3
{[%clk 0:50:54]} Kf8 {[%clk 0:43:29]} 43. b4 {[%clk 0:51:11]} axb4
{[%clk 0:43:38]} 44. cxb4 {[%clk 0:51:37]} Ke7 {[%clk 0:43:56]} 45. a5
{[%clk 0:51:52]} Kd7 {[%clk 0:44:01]} 46. Rh6 {[%clk 0:52:16]} f6
{[%clk 0:44:16]} 47. Rxh7+ {[%clk 0:52:24]} Kc6 {[%clk 0:44:40]} 48. Rh8
{[%clk 0:52:04]} Be7 {[%clk 0:44:43]} 49. Rb8 {[%clk 0:52:13]} Bd6
{[%clk 0:44:53]} 50. Rb6+ {[%clk 0:52:40]} Kc7 {[%clk 0:45:04]} 51. Rxd6
{[%clk 0:53:06]} Kxd6 {[%clk 0:45:24]} 52. a6 {[%clk 0:53:24]} Kc7
{[%clk 0:45:49]} 53. b5 {[%clk 0:53:48]} Kb6 {[%clk 0:46:08]} 54. h4
{[%clk 0:54:14]} 1-0